| 000 | 00690nam a2200205 a 4500 | ||
|---|---|---|---|
| 001 | 000039239 | ||
| 005 | 20250624095821.0 | ||
| 008 | 130617s1966 dr 000 0 spa d | ||
| 040 |
_aDO-SdBNP _bspa _cBNPHU |
||
| 082 | _bZ18m | ||
| 100 | 1 |
_aZaglul, Antonio, _d1920-1996 _969657 |
|
| 245 | 1 | 0 |
_aMis 500 locos : _bmemoria del director de un manicomio / _cAntonio Zaglul. |
| 260 |
_aSanto Domingo : _bMontalvo, _c1966. |
||
| 300 |
_a162 p. ; _c23 cm. |
||
| 590 | _aInventariado, 2018/LP | ||
| 650 | 4 |
_aPsiquiatría _xCasos, historias clínicas, estadísticas _926969 |
|
| 650 | 4 |
_aEnfermos mentales _918248 |
|
| 650 | 4 |
_aTrastornos mentales _918252 |
|
| 910 | _aValidado. Control de calidad MFF | ||
| 999 |
_c38729 _d38729 |
||